The democratic intellect : Scotland and her universities in the nineteenth century /

Saved in:
Bibliographic Details
Main Author: Davie, George Elder
Format: Book
Language:English
Published: Edinburgh : University Press, c1964.
Edition:2nd ed.
Series:Edinburgh University publications. History, philosophy and economics ; 12
Subjects:
LEADER 01063nam a22002411a 4500
001 c000054014
003 CARM
005 00000000000000.0
008 851113s1964 stkc b 00110 eng d
019 1 |a 22003265  |z 4139988  |5 LACONCORD2021 
035 |a (OCoLC)176753  |5 LACONCORD2021 
043 |a e-uk-st 
100 1 |a Davie, George Elder, 
245 1 4 |a The democratic intellect :  |b Scotland and her universities in the nineteenth century /  |c by George Elder Davie. 
250 |a 2nd ed. 
260 |a Edinburgh :  |b University Press,  |c c1964. 
300 |a xx, 372 p., 9 leaves of plates :  |b ports. ;  |c 23 cm. 
440 0 |a Edinburgh University publications.  |p History, philosophy and economics ;  |v 12 
504 |a Includes bibliographical references and index. 
650 0 |a Universities and colleges  |z Scotland  |x History  |y 19th century. 
852 8 |b CARM  |h A2:AD10B0  |i B00502  |p 0024314  |f BK 
999 f f |i b03f9387-0443-5120-99aa-d94e81a1983a  |s 34fe42b9-7519-587c-9cf0-ecda0e40495c 
952 f f |p Can circulate  |a CAVAL  |b CAVAL  |c CAVAL  |d CARM 1 Store  |e B00502  |f A2:AD10B0  |h Other scheme  |i book  |m 0024314